| 000 | 00672nam a2200217 a 4500 | ||
|---|---|---|---|
| 005 | 20240228064127.0 | ||
| 008 | 140402s2006 mx r 000 0 spa d | ||
| 020 | _a8484702359 | ||
| 035 | _aUPN01000196783 | ||
| 049 | _aI | ||
| 050 | 4 |
_aPZ26.3 _bC6.4 |
|
| 100 | 1 |
_aCorentin, Philippe, _d1936- _932855 |
|
| 245 | 1 | 1 |
_a¡Cataplum! / _cPhilippe Corentin ; tr. Anna Coll-Vinent. |
| 260 |
_aBarcelona, Esp. : _bCorimbo, _c2006. |
||
| 300 |
_a30 p. : _bprincipalmente il. col. |
||
| 534 |
_pTítulo original: _t"Patatras!" |
||
| 650 | 7 |
_aAnimales _vLiteratura infantil _2 _91061 |
|
| 650 | 4 |
_aLibros y lectura para niños _92290 |
|
| 905 | _aInfantil | ||
| 999 |
_c168884 _d168884 |
||